Statistics for Nationalities #10

Click here to take the quiz!

General Stats

  • This quiz has been taken 69 times
  • The average score is 11 of 14

Answer Stats

PersonCountry% Correct
Oprah WinfreyUnited States
98%
Kate WinsletUnited Kingdom
98%
Leonardo Da VinciItaly
98%
Björn BorgSweden
96%
Kim Jong IlNorth Korea
96%
Ho Chi MinhVietnam
91%
Che GuevaraArgentina
83%
Salma HayekMexico
83%
Penelope CruzSpain
79%
Peter JacksonNew Zealand
74%
Mary, Crown Princess of DenmarkAustralia
68%
Niki LaudaAustria
55%
Paulina PorizkovaCzech Republic
47%
J.R.R.TolkienSouth Africa
38%

Score Distribution

Percentile by Number Answered

Percent of People with Each Score

Your Score History

You have not taken this quiz